000 00590nam a2200217 a 4500
999 _c4746
_d4746
001 4746
003 BD-JhCC
005 20171203092118.0
008 171203s1970 p a|||| || | 000 0 eng d
035 _a(BD-JhCC)4746
040 _aBD-JhCC
_dBD-JhCC
041 _aeng
082 _a338.95491
_bBAW 1970
100 _aBawany, Ebrahim
245 _aRevolutionnary Strategy for National Development /
_cEbrahim Bawany,
260 _aKarachi :
_bMuslimnews international,
_c1970.
300 _a153 p. :
_c22 cm.
650 _aEconomic Policy
_zPakistan
942 _2ddc
_cBK